Catálogo
 En Linea

Evolución de la poética dominicana / (Registro nro. 16690)

Detalles MARC
000 -CABECERA
campo de control de longitud fija 00723nam a2200205 a 4500
001 - NÚMERO DE CONTROL
campo de control 000017164
005 - FECHA Y HORA DE LA ÚLTIMA TRANSACCIÓN
campo de control 20240229161930.0
008 - DATOS DE LONGITUD FIJA--INFORMACIÓN GENERAL
campo de control de longitud fija 100319s1956 ag r 000 p spa d
040 ## - FUENTE DE LA CATALOGACIÓN
Centro catalogador/agencia de origen DO-SdBNP
Lengua de catalogación spa
Centro/agencia transcriptor BNPHU
082 ## - NÚMERO DE LA CLASIFICACIÓN DECIMAL DEWEY
Número de clasificación RD861.09
Número de documento/Ítem P438e
100 1# - ENTRADA PRINCIPAL--NOMBRE DE PERSONA
Nombre de persona Pérez, Carlos Federico,
Fechas asociadas al nombre 1912-1984
9 (RLIN) 24849
245 10 - MENCIÓN DE TÍTULO
Título Evolución de la poética dominicana /
Mención de responsabilidad, etc. Carlos Federico Pérez.
260 ## - PUBLICACIÓN, DISTRIBUCIÓN, ETC.
Lugar de publicación, distribución, etc. Buenos Aires :
Nombre del editor, distribuidor, etc. Poblet,
Fecha de publicación, distribución, etc. 1956.
300 ## - DESCRIPCIÓN FÍSICA
Extensión 270 p. ;
Dimensiones 21 cm.
500 ## - NOTA GENERAL
Nota general Incluye índice nominativo
500 ## - NOTA GENERAL
Nota general Incluye referencias bibliográficas y notas al pie de las páginas
590 ## - NOTA LOCAL (RLIN)
Nota local Inventariado, 2019/BT
650 #4 - PUNTO DE ACCESO ADICIONAL DE MATERIA--TÉRMINO DE MATERIA
Término de materia o nombre geográfico como elemento de entrada Poesía dominicana
Subdivisión general Historia y crítica
9 (RLIN) 13072
910 ## - DATOS DE OPCIÓN DEL USUARIO (OCLC)
Datos de opción del usuario Validado. Control de calidad MFF
Existencias
Estado de retiro Estado de pérdida Restricciones de uso No para préstamo Código de colección Localización permanente Ubicación/localización actual Ubicación en estantería Fecha de adquisición Número de inventario Total de préstamos Signatura topográfica completa Código de barras Fecha visto por última vez Precio válido a partir de Tipo de ítem Koha Nota pública Número de copia
      Excluido de préstamo Raros y valiosos General General Depósito 19.03.2010 LF1   RD861.09 P438e 17164-10 25.06.2020 25.06.2020 No se presta Dedicado.  
      Excluido de préstamo Raros y valiosos General General Depósito 26.09.2011 LF1   RD861.09 P438e 17164-20 25.06.2020 25.06.2020 No se presta Perteneció a la biblioteca personal de Carlos Larrazabal. e.2
        Raros y valiosos General General Depósito 16.06.2015 LF1   RD861.09 P438e 17164-30 25.06.2020 25.06.2020 Préstamo en sala Perteneció a la biblioteca personal de Erick Landestoy. e.3
        Raros y valiosos General General Depósito 19.06.2019 LF1   RD861.09 P438e 17164-40 25.06.2020 25.06.2020 Préstamo en sala Perteneció a la biblioteca personal de Martínez Boog. e.4
        Raros y valiosos General General Depósito 21.08.2019 LF1   RD861.09 P438e 17164-50 25.06.2020 25.06.2020 Préstamo en sala Perteneció a la biblioteca personal de la familia Reyes Duluc. e.5

Con tecnología Koha